Mask Singer Saison 3 - Statistiques

Statistiques générales
  • Ce quiz a été pris 73 fois
  • Le résultat moyen est 19 sur 30
Statistiques - réponses
Classement Réponse % Correct
2e (Costume) Banane
88%
1er (Costume) Papillon
88%
3e (Costume) Cerf
78%
3e (Célébrité) Laurent Ournac
78%
2e (Célébrité) Valérie Bègue
75%
Star internationale 1 (Costume) Coccinelle
73%
1er (Célébrité) Denitsa Ikonomova
73%
Star internationale 2 (Célébrité) Seal
70%
11e (Célébrité) Alain Bernard
68%
7e (Costume) Caméléon
68%
4e (Costume) Arbre
65%
5e (Costume) Crocodile
65%
9e (Costume) Tigresse
65%
11e (Costume) Bernard l'hermite
63%
Star internationale 2 (Costume) Cow-boy
63%
5e (Célébrité) Marc-Antoine Le Bret
63%
9e (Célébrité) Marc-Antoine Le Bret
63%
6e (Costume) Cochon
60%
10e (Costume) Poisson Corail
60%
8e (Costume) Cosmonaute
58%
Enquêteur guest 2 (Célébrité) Kendji Girac
58%
Enquêteur guest 2 (Costume) Loup
55%
7e (Célébrité) Sylvie Tellier
55%
Enquêteur guest 1 (Costume) Gorille
53%
10e (Célébrité) Maud Fontenoy
53%
8e (Célébrité) Pierre Palmade
53%
Star internationale 1 (Célébrité) Teri Hatcher
53%
Enquêteur guest 1 (Célébrité) Anne Roumanoff
50%
4e (Célébrité) Gilebert Montagné
43%
6e (Célébrité) Yves Camdeborde
38%
Aucun quiz correspondant
Distribution des résultats
% des personnes avec chaque résultat
Percentile par nombre de réponses
Votre historique - résultats
Vous n’avez pas pris ce quiz